000 02595cam a22005177a 4500
003 CHAP
005 20220329133654.0
008 971013s1993 r 00010 d
010 _a9319
011 _a10291
035 _a9528
040 _cCHAP
082 _a630.83
_bM49c 1991 N.L.
110 _aInstituto Nacional de Estadística, Geografía e Informática. México
_959304
245 0 _aCenso agropecuario, 1991 (7) : Nuevo León resultados definitivos
260 _aAguascalientes, Ags. :
_bINEGI,
_c1993-
300 _av.
500 _aLa biblioteca tiene: v.1 Censo ejidal. -- v.2 Censo agropecuario. -- v.3 Censo agricola-ganadero.--v.4 Panorama agropecuario
590 _aBATCH-UPD
_b10
_c20130110
_lUCH01
_h0141
590 _aBATCH-UPD
_b10
_c20130110
_lUCH01
_h1657
590 _aBATCH-UPD
_b10
_c20130409
_lUCH01
_h2139
590 _aBATCH-UPD
_b10
_c20130410
_lUCH01
_h1045
590 _aBATCH-UPD
_b10
_c20130913
_lUCH01
_h2046
590 _aBATCH-UPD
_b10
_c20130914
_lUCH01
_h1331
590 _aCONVERSION
_b10
_c20130109
_lUCH01
_h1306
650 1 4 _aAgricultura
_xEstadísticas
_zNuevo León.
_91461
650 1 4 _aBosques
_xNuevo León.
_914352
650 1 4 _aEjidos
_xNuevo León.
_936024
650 1 4 _aGanadería
_xEstadísticas
_zNuevo León.
_944719
650 1 4 _aMaquinaria agrícola
_xEstadísticas.
_971170
650 1 4 _aProductos agrícolas
_xEstadísticas.
_991939
650 1 4 _aProductos pecuarios
_xEstadísticas.
_992167
901 _aBK
942 _cLIBRO
949 _a630.83 M49c 1991 N.L.
_bBC
_cINEGI
_d33724000558417
_eINEGI
_fv.3 Pte.2 c.2
_h87499
_i9528
_si
949 _a630.83 M49c 1991 N.L.
_bBC
_cINEGI
_d33724000558631
_eINEGI
_fv.3 Pte.1
_h87495
_i9528
_si
949 _a630.83 M49c 1991 N.L.
_bBC
_cINEGI
_d33724000558714
_eINEGI
_fv.3 Pte.1 c.2
_h87497
_i9528
_si
949 _a630.83 M49c 1991 N.L.
_bBC
_cINEGI
_d33724000558722
_eINEGI
_fv.3 Pte.2
_h87496
_i9528
_si
949 _a630.83 M49c 1991 N.L.
_bBC
_cINEGI
_d33724000558854
_eINEGI
_fv.3 Pte.1 c.3
_h87498
_i9528
_si
949 _a630.83 M49c 1991 N.L.
_bBC
_cINEGI
_d33724000559464
_eINEGI
_fv.3 Pte.2 c.3
_h87500
_i9528
_si
949 _a630.83 M49c 1991 N.L.
_bBC
_cINEGI
_d33724000559530
_eINEGI
_fv.1 c.2
_gI. c/e
_h85757
_i9528
_sb
949 _a630.83 M49c 1991 N.L.
_bBC
_cINEGI
_d33724000559563
_eINEGI
_fv.1
_gI. c/e
_h85756
_i9528
_si
949 _a630.83 M49c 1991 N.L.
_bBC
_cINEGI
_d33724000559746
_eINEGI
_fv.1 c.3
_gI. c/e
_h85758
_i9528
_si
949 _a630.83 M49c 1991 N.L.
_bBC
_cINEGI
_d33724000567897
_eINEGI
_fv.2
_h87494
_i9528
_si
949 _a630.83 M49c 1991 N.L.
_bBC
_cINEGI
_d33724000644100
_eINEGI
_fv.4
_gI. c/e
_h88213
_i9528
_si
_t21.00
999 _c9319
_d9319